| 000 | 01568nam0a22003011 4500 | ||
|---|---|---|---|
| 001 | rc\2333005 | ||
| 005 | 20260407140512.0 | ||
| 035 | _a(NLR Aleph) 006473337 | ||
| 090 |
_a5957929 _c5957929 |
||
| 100 | _a20110829d1977 u y0rusy50 ca | ||
| 101 | 0 | _arus | |
| 102 | _aRU | ||
| 105 | _aa z ||||| | ||
| 200 | 1 |
_aПримеры улучшения технологичности конструкции комбинированного станка модели 1Б95. Шифр 203-1821 _eМетод. рекомендации _fМ-во станкостроит. и инструм. пром-сти. Техн. упр. НПО "Оргстанкинпром". Гос. проектно-технол. и эксперим. ин-т "Оргстанкинпром" |
|
| 210 |
_aМосква _cБ. и. _d1977 |
||
| 215 |
_a85 с. _cчерт. _d21х28 |
||
| 300 | _aНа обороте тит. л. исполн.: В.П. Гришина, А.А. Соболев, Е.М. Аронова, Р.Д. Ткачева | ||
| 702 | 1 |
_aАронова _bЕ. М. _4570 |
|
| 702 | 1 |
_aТкачева _bР. Д. _4570 |
|
| 702 | 1 |
_4570 _7ca _8rus _aСоболев _bА. А. _cспециалист в обл. станкостроит. пр-ва _gАлексей Александрович _3RU\NLR\AUTH\770288130 _92691303 |
|
| 702 | 1 |
_aГришина _bВ. П. _4570 |
|
| 712 | 0 | 2 |
_a"Оргстанкинпром", институт _cМосква _3RU\NLR\AUTH\8810007512 _9512657 |
| 801 | 0 |
_aRU _bNLR _gpsbo |
|
| 801 | 1 |
_aRU _bELAR _2rusmarc |
|
| 852 |
_aNLR _j78-8/173 |
||
| 942 | _cBOOK | ||
| 980 | _aNB | ||